<?xml version="1.0" encoding="UTF-8"?>
<record
    xmlns:xsi="http://www.w3.org/2001/XMLSchema-instance"
    xsi:schemaLocation="http://www.loc.gov/MARC21/slim http://www.loc.gov/standards/marcxml/schema/MARC21slim.xsd"
    xmlns="http://www.loc.gov/MARC21/slim">

  <leader>02457njm a2200301Ia 4500</leader>
  <controlfield tag="001">77510</controlfield>
  <controlfield tag="003">IT-RoPAU</controlfield>
  <controlfield tag="005">20220918181142.0</controlfield>
  <controlfield tag="008">131025s9999    xx            000 0 und d</controlfield>
  <datafield tag="040" ind1=" " ind2=" ">
    <subfield code="a">IT-RoPAU</subfield>
  </datafield>
  <datafield tag="040" ind1=" " ind2=" ">
    <subfield code="c">IT-RoPAU</subfield>
  </datafield>
  <datafield tag="041" ind1=" " ind2=" ">
    <subfield code="a">ITALIANO</subfield>
  </datafield>
  <datafield tag="999" ind1=" " ind2=" ">
    <subfield code="c">101319</subfield>
    <subfield code="d">101319</subfield>
  </datafield>
  <datafield tag="999" ind1=" " ind2=" ">
    <subfield code="b">n.d.</subfield>
  </datafield>
  <datafield tag="100" ind1=" " ind2=" ">
    <subfield code="a">AA.VV.</subfield>
    <subfield code="9">794</subfield>
  </datafield>
  <datafield tag="100" ind1=" " ind2=" ">
    <subfield code="e">Autore musica</subfield>
    <subfield code="9">25534</subfield>
  </datafield>
  <datafield tag="100" ind1=" " ind2=" ">
    <subfield code="g">Codice autore musica SPICS: 12000</subfield>
    <subfield code="9">796</subfield>
  </datafield>
  <datafield tag="245" ind1=" " ind2=" ">
    <subfield code="a">Sanremo '89</subfield>
  </datafield>
  <datafield tag="250" ind1=" " ind2=" ">
    <subfield code="a">1a ed.</subfield>
  </datafield>
  <datafield tag="260" ind1=" " ind2=" ">
    <subfield code="a">MILANO</subfield>
  </datafield>
  <datafield tag="260" ind1=" " ind2=" ">
    <subfield code="b">CBS ITALIANA</subfield>
    <subfield code="c">1989 [1a Ed.:1989 - Ed. Lingua Orig.: 1989]</subfield>
  </datafield>
  <datafield tag="300" ind1=" " ind2=" ">
    <subfield code="a">COMPACT DISC</subfield>
  </datafield>
  <datafield tag="300" ind1=" " ind2=" ">
    <subfield code="c">5 minuti (Testo: 0 pag.)</subfield>
  </datafield>
  <datafield tag="500" ind1=" " ind2=" ">
    <subfield code="a">Musica leggera. Canzone italiana. Canzoni di autori vari presentati al Festival di Sanremo 1989</subfield>
  </datafield>
  <datafield tag="505" ind1=" " ind2=" ">
    <subfield code="a">Scusa [(Assante Ernesto) (5:00)] - Ti lascer&#xF2; (5:00)] - Questa pappa [(Aida Shuhei) (4 :00)] - Na canzuncella doce doce [(Carosone Renato) (4:00)] - Bocca di fragola [(Valentini Antonio) (4:00)] - Il cuore delle donne [(Ghezzi Dori) (5:00)] - E quel giorno non mi perderai pi&#xF9; [(Fasano Franco) (4:00)] - Raggio di sole [(Bella come il sole) (Bravo Gian Luigi) (4:00)] - Bastardo [(Bravo) (5:00)] - E allora e allora [(De Piscopo Tullio) (4:00)] - Non finisce qui [(Fogli Riccardo) (5:00)] - Certi uomini [(Satta Flores Aida) (4:00)] - Bella Margherita [(D'Angi&#xF2; Pino) (5:00)] - A che servono gli dei [(Casale Rossana) (4:00)] - Se [(Elite) (4:00)] - Bambini [(Turci Paola) (4:00)] - Il mio pianoforte  [(Di Capri Peppino) (5:00)] - Pelle di luna [(Gitano) (4:00)] - Almeno tu nell'universo [(Martini Mia) (5:00)] - Le mamme [(Cutugno Toto) (5:00)] - Canzoni [(Mietta) (4:00)] - La fine del mondo [(Sabani Gigi) (5:00)] - Ladri di biciclette [(Belli Paolo) (4:00)] - Uno di noi (4:00) - Se non avessi te [(Fiordaliso) (5:00)] - Amore &#xE8; [(Guidi Gianluca) (5:00)] - 'A paura [(Murro Antonio) (4:00)] - Il bab&#xE0; &#xE8; una cosa seria  [(Laurito Marisa) (4:00)] - Chi voglio sei tu [(I Ricchi e Poveri) (4:00)] - Io e il cielo [(Chiarello J&#xF2;) (4:00)] - Come mi vuoi [(De Crescenzo Eduardo) (6:00)] - Notturno italiano [(Solfrini Alfredo) (4:00)] - Stella (5:00) - Questa volta no [(Paoli Gino) (4:00)] - Sei tu [(Borgia Stefano) (4:00)] - Tutti I cuori sensibili [(La Fauci Stefania) (4:00)] - Vasco [(Jovannotti ) (5:00)]</subfield>
  </datafield>
  <datafield tag="650" ind1=" " ind2=" ">
    <subfield code="a">CANZONE ITALIAN [COMPACT DISC]</subfield>
    <subfield code="e">Codice MATERIA SPICS: 9949</subfield>
    <subfield code="9">21937</subfield>
  </datafield>
  <datafield tag="700" ind1=" " ind2=" ">
    <subfield code="a">AA.VV.</subfield>
    <subfield code="d">Codice autore testo/musica SPICS: 12000</subfield>
    <subfield code="e">Autore testo/musica</subfield>
    <subfield code="9">25535</subfield>
  </datafield>
  <datafield tag="942" ind1=" " ind2=" ">
    <subfield code="c">CD</subfield>
    <subfield code="2">ddc</subfield>
  </datafield>
  <datafield tag="952" ind1=" " ind2=" ">
    <subfield code="0">0</subfield>
    <subfield code="1">0</subfield>
    <subfield code="4">0</subfield>
    <subfield code="6">77510_000000000000000</subfield>
    <subfield code="7">1</subfield>
    <subfield code="a">SPICS</subfield>
    <subfield code="b">SPICS</subfield>
    <subfield code="d">2013-10-25</subfield>
    <subfield code="l">0</subfield>
    <subfield code="o">77510</subfield>
    <subfield code="r">2013-10-25 00:00:00</subfield>
    <subfield code="w">2013-10-25</subfield>
    <subfield code="y">CD</subfield>
    <subfield code="z">Progr. Ins.: 18405 / N.Vol.: n.d. / Copie: 1 - Copia rara: n.d. / date import: 01.01.2014 - By Epidotti, Trombetti, Vaglietti</subfield>
  </datafield>
</record>
